[Event "CYP-ch op"]
[Site "Nicosia"]
[Date "2022.02.06"]
[Round "3"]
[White "Bryan, Mark"]
[Black "Savva, Panikos"]
[Result "0-1"]
[WhiteElo "1752"]
[BlackElo "1980"]
[PlyCount "118"]
[EventDate "2022.02.04"]
[EventType "swiss"]
[EventRounds "9"]
[EventCountry "CYP"]
[SourceTitle "CBM 207 Extra"]
[Source "ChessBase"]
[SourceDate "2022.05.31"]
[SourceVersion "1"]
[SourceVersionDate "2022.05.31"]
[SourceQuality "1"]

1. e4 c5 2. Nf3 e6 3. d4 cxd4 4. Nxd4 Nc6 5. c3 Nf6 6. Bd3 d5 7. exd5 Nxd4 8. Qa4+ Qd7 9. Qxd4 Qxd5 10. Qxd5 Nxd5 11. 0-0 Bd7 12. a3 0-0-0 13. c4 Nf6 14. Nc3 Bc6 15. Bc2 Bd6 16. h3 Be5 17. Ne2 Ne4 18. Bxe4 Bxe4 19. Be3 Kb8 20. Bf4 Bxf4 21. Nxf4 Rd2 22. Rfe1 Bc6 23. b4 Rd4 24. g3 Rxc4 25. Nd3 Bd5 26. Ne5 Rc2 27. Rac1 Rhc8 28. Rxc2 Rxc2 29. Nxf7 Ra2 30. Ng5 Rxa3 31. Nxe6 Rb3 32. Nxg7 Rxb4 33. Rd1 Bf3 34. Rc1 a5 35. Ne6 a4 36. Ng5 Bc6 37. Kf1 a3 38. Ra1 h6 39. Ne6 a2 40. Rxa2 Bd5 41. Ra5 Bxe6 42. Rh5 Bc4+ 43. Ke1 Rb6 44. Kd2 Rc6 45. g4 b5 46. Re5 Rd6+ 47. Kc2 Rf6 48. Rh5 Rxf2+ 49. Kc3 Rf6 50. Kb4 Kc7 51. g5 hxg5 52. Rxg5 Rh6 53. Rg3 Kd6 54. Re3 Rh4 55. Rg3 Bf1+ 56. Ka5 Kc5 57. Rg5+ Kd4 58. Rg4+ Rxg4 59. hxg4 Ke4 0-1

[Event "CYP-ch op"]
[Site "Nikosia"]
[Date "2021.06.20"]
[Round "6"]
[White "Vermehren, Nicolas"]
[Black "Savva, Panikos"]
[Result "1-0"]
[WhiteElo "1573"]
[BlackElo "2028"]
[PlyCount "69"]
[EventDate "2021.06.11"]
[EventType "swiss"]
[EventRounds "7"]
[EventCountry "CYP"]
[SourceTitle "EXT 2023"]
[Source "ChessBase"]
[SourceDate "2022.10.05"]
[SourceVersion "1"]
[SourceVersionDate "2022.10.05"]
[SourceQuality "1"]

1. e4 c5 2. c3 b6 3. d4 Bb7 4. Bd3 e6 5. Nf3 Nf6 6. e5 Nd5 7. 0-0 cxd4 8. cxd4 Be7 9. Be3 Nc6 10. Nbd2 Ncb4 11. Bc4 Nxe3 12. fxe3 Nd5 13. Qe2 0-0 14. Rf2 a6 15. Raf1 b5 16. Bd3 Rc8 17. Ne4 h6 18. Bb1 Qc7 19. Qd3 g6 20. Nfd2 Nb4 21. Qe2 Bd5 22. a3 Bxe4 23. Nxe4 Nd5 24. Qf3 Qd8 25. Nf6+ Nxf6 26. exf6 Bd6 27. h4 b4 28. h5 Qa5 29. hxg6 fxg6 30. f7+ Kh7 31. Qe4 Qh5 32. g4 Qg5 33. Rf6 Kh8 34. Rxg6 Qh4 35. Rg8+ 1-0

[Event "Lympia Cyprus-ch op"]
[Site "Lympia"]
[Date "2020.02.01"]
[Round "8"]
[White "Savva, Panikos"]
[Black "Karagiannis, Kosmas"]
[Result "1-0"]
[WhiteElo "2043"]
[BlackElo "1843"]
[PlyCount "181"]
[EventDate "2020.01.05"]
[EventType "swiss"]
[EventRounds "9"]
[EventCountry "CYP"]
[SourceTitle "CBM 194 Extra"]
[Source "ChessBase"]
[SourceDate "2020.03.31"]
[SourceVersion "1"]
[SourceVersionDate "2020.03.31"]
[SourceQuality "1"]

1. Nf3 d6 2. d4 Nd7 3. c4 e5 4. Nc3 Ngf6 5. Bg5 Be7 6. e3 0-0 7. Qc2 c6 8. Be2 h6 9. Bh4 Re8 10. 0-0 Qc7 11. Rfd1 b6 12. Rac1 Bb7 13. h3 a6 14. Bg3 Bf8 15. b4 c5 16. bxc5 bxc5 17. dxe5 Nxe5 18. Nxe5 dxe5 19. Qf5 Qc8 20. Qc2 e4 21. Nd5 Bxd5 22. cxd5 Rd8 23. d6 Ne8 24. Qxc5 Qxc5 25. Rxc5 Nxd6 26. Rcd5 Nb7 27. Rxd8 Nxd8 28. Bxa6 Rxa6 29. Rxd8 f5 30. a4 Kf7 31. Rd4 Ke6 32. Rc4 Kd5 33. Rc8 Be7 34. Rc7 Bf6 35. h4 Rxa4 36. h5 Rc4 37. Rd7+ Ke6 38. Rd6+ Ke7 39. Ra6 Rc1+ 40. Kh2 Rd1 41. Ra5 Ke6 42. Ra2 Rd5 43. Bf4 Rd1 44. Ra6+ Ke7 45. Rc6 Rd2 46. Bg3 Rd5 47. Rc7+ Ke6 48. Rc6+ Ke7 49. Ra6 Rd1 50. Bb8 Rd2 51. Kg3 Rd5 52. Ra4 Rd8 53. Ba7 Be5+ 54. f4 Bf6 55. Bc5+ Ke6 56. Ra6+ Kf7 57. Ra7+ Ke6 58. Kh3 Rd1 59. Kh2 Rd5 60. Bf8 Rd7 61. Ra2 Rd3 62. Bc5 Rd5 63. Ra6+ Kf7 64. Ra7+ Ke6 65. Bf8 Rd7 66. Rxd7 Kxd7 67. g4 fxg4 68. Kg3 Ke6 69. Kxg4 Kf7 70. Bc5 Ke6 71. f5+ Kd5 72. Bb6 Kc4 73. Bc7 Kd3 74. Bf4 Ke2 75. Kg3 Bc3 76. Kg4 Kf2 77. Bxh6 gxh6 78. Kf4 Bd2 79. Kxe4 Bxe3 80. f6 Bc5 81. Kf5 Kg3 82. Kg6 Bf8 83. Kf7 Bc5 84. Kg7 Bd4 85. Kg6 Kg4 86. f7 Bc5 87. Kxh6 Kf5 88. Kg7 Kg5 89. h6 Bd4+ 90. Kg8 Bc5 91. h7 1-0

[Event "Lympia Cyprus-ch op"]
[Site "Lympia"]
[Date "2020.01.25"]
[Round "6"]
[White "Savva, Panikos"]
[Black "Rousis, Chrysostomos"]
[Result "1-0"]
[WhiteElo "2043"]
[BlackElo "1609"]
[PlyCount "125"]
[EventDate "2020.01.05"]
[EventType "swiss"]
[EventRounds "9"]
[EventCountry "CYP"]
[SourceTitle "CBM 194 Extra"]
[Source "ChessBase"]
[SourceDate "2020.03.31"]
[SourceVersion "1"]
[SourceVersionDate "2020.03.31"]
[SourceQuality "1"]

1. Nf3 Nf6 2. c4 e6 3. g3 d5 4. Bg2 Be7 5. 0-0 0-0 6. d4 b6 7. Nc3 Bb7 8. Ne5 Nbd7 9. Bg5 h6 10. Bxf6 Nxf6 11. Rc1 c5 12. cxd5 exd5 13. Qa4 cxd4 14. Qxd4 Bc5 15. Qa4 Qd6 16. Nd3 Bc6 17. Qh4 a5 18. a3 a4 19. Rfd1 Qe7 20. Nxc5 bxc5 21. Bxd5 Bxd5 22. Nxd5 Nxd5 23. Rxd5 Qxe2 24. Rdxc5 Qxb2 25. R1c3 Rfb8 26. Qc4 Qb1+ 27. Kg2 Rb3 28. Rc7 Qf5 29. Rxb3 axb3 30. Qxb3 Qe4+ 31. Kg1 Qe1+ 32. Kg2 Qe4+ 33. f3 Qe2+ 34. Kg1 Qe1+ 35. Kg2 Qe2+ 36. Kg1 Qe1+ 37. Kg2 Qe2+ 38. Kh3 Qe6+ 39. Qxe6 fxe6 40. Rc3 Ra4 41. Kg2 Kf7 42. Kf2 Rd4 43. Ke3 Rd1 44. Rd3 Ra1 45. Kd4 g5 46. Kc4 Ra2 47. h4 Rg2 48. hxg5 hxg5 49. g4 Rb2 50. a4 Ra2 51. Kb4 Rb2+ 52. Rb3 Rd2 53. a5 Rd8 54. a6 Rb8+ 55. Ka4 Ra8 56. Rb7+ Kf6 57. Kb5 Ke5 58. Kb6 Rf8 59. a7 Kd6 60. Rb8 Rxf3 61. Rd8+ Ke7 62. a8Q Rb3+ 63. Kc5 1-0

[Event "CYP-ch"]
[Site "Larnaca"]
[Date "2019.02.09"]
[Round "9"]
[White "Michaelides, Konstantinos"]
[Black "Savva, Panikos"]
[Result "1-0"]
[WhiteElo "2229"]
[BlackElo "2065"]
[PlyCount "114"]
[EventDate "2019.01.12"]
[EventType "tourn"]
[EventRounds "9"]
[EventCountry "CYP"]
[SourceTitle "CBM 189 Extra"]
[Source "ChessBase"]
[SourceDate "2019.06.03"]
[SourceVersion "1"]
[SourceVersionDate "2019.06.03"]
[SourceQuality "1"]

1. d4 d5 2. c4 dxc4 3. Nf3 a6 4. e3 Bg4 5. Bxc4 e6 6. 0-0 Nc6 7. h3 Bh5 8. Be2 Nf6 9. Nbd2 Be7 10. Nc4 0-0 11. Bd2 Ne4 12. Be1 Nd6 13. Na5 Nxa5 14. Bxa5 b6 15. Be1 Ne4 16. g4 Bg6 17. Ne5 Bd6 18. Nxg6 hxg6 19. Bf3 Qh4 20. Kg2 Ng5 21. Rh1 Nxf3 22. Qxf3 Rae8 23. Qe2 a5 24. f4 Qe7 25. g5 c5 26. dxc5 Bxc5 27. Bc3 Bd6 28. Rae1 e5 29. Qf3 exf4 30. exf4 Qc7 31. Kg3 Qc4 32. h4 Rxe1 33. Rxe1 Qxa2 34. Qe4 Bc5 35. h5 gxh5 36. f5 Rd8 37. g6 fxg6 38. fxg6 Qd5 39. Qxd5+ Rxd5 40. Re8+ Bf8 41. Kf4 h4 42. Be5 h3 43. Kg4 Rd7 44. Rb8 Rd5 45. Bg3 b5 46. Kxh3 Rg5 47. Bd6 Rxg6 48. Bxf8 Kf7 49. Bc5 b4 50. Ra8 Re6 51. Rxa5 Re2 52. Bd4 Rd2 53. Ra7+ Ke6 54. Bxg7 Rf2 55. Rb7 Rf4 56. Kg3 Rf1 57. Bd4 Kd5 1-0

[Event "CYP-ch"]
[Site "Larnaca"]
[Date "2019.02.03"]
[Round "8"]
[White "Savva, Panikos"]
[Black "Hadjiyiannis, Costas"]
[Result "1-0"]
[WhiteElo "2065"]
[BlackElo "1778"]
[PlyCount "95"]
[EventDate "2019.01.12"]
[EventType "tourn"]
[EventRounds "9"]
[EventCountry "CYP"]
[SourceTitle "CBM 189 Extra"]
[Source "ChessBase"]
[SourceDate "2019.06.03"]
[SourceVersion "1"]
[SourceVersionDate "2019.06.03"]
[SourceQuality "1"]

1. d4 d5 2. c4 dxc4 3. Nf3 Nf6 4. e3 e6 5. Bxc4 a6 6. 0-0 b5 7. Bd3 Bb7 8. b3 Nbd7 9. Bb2 c5 10. Qe2 Be7 11. Nbd2 0-0 12. Rfd1 Qb6 13. Rab1 Bc6 14. Rdc1 Rac8 15. a4 Rfe8 16. axb5 axb5 17. Ra1 Ra8 18. dxc5 Bxc5 19. Bxf6 gxf6 20. Ne4 Be7 21. Nd4 Rxa1 22. Rxa1 f5 23. Nxc6 Qxc6 24. Bxb5 Qxe4 25. Bxd7 Rb8 26. Ba4 Rc8 27. Qb5 Bf6 28. Rf1 h5 29. Qe2 Qh4 30. g3 Qh3 31. Bd7 Rc7 32. Bb5 Kh7 33. Qf3 Kg6 34. Bc4 Rc8 35. e4 Rh8 36. exf5+ exf5 37. Qb7 Rh7 38. Bd5 h4 39. Bg2 Qg4 40. h3 Qd4 41. g4 Be5 42. Re1 Kg7 43. Qf3 fxg4 44. hxg4 Qc3 45. Qe4 f6 46. Rd1 Kh6 47. Qf5 Bd4 48. Qf4+ 1-0

[Event "Olympiad-43"]
[Site "Batumi"]
[Date "2018.09.30"]
[Round "6.68"]
[White "Savva, Panikos"]
[Black "Al Azmi, Khalaf"]
[Result "1-0"]
[WhiteElo "2062"]
[BlackElo "1785"]
[PlyCount "101"]
[EventDate "2018.09.24"]
[EventType "team-swiss"]
[EventRounds "11"]
[EventCountry "GEO"]
[SourceTitle "CBM 187"]
[Source "ChessBase"]
[SourceDate "2018.12.11"]
[SourceVersion "1"]
[SourceVersionDate "2018.12.11"]
[SourceQuality "1"]
[WhiteTeam "Cyprus"]
[BlackTeam "Kuwait"]
[WhiteTeamCountry "CYP"]
[BlackTeamCountry "KUW"]

1. d4 Nf6 2. c4 e6 3. Nc3 Bb4 4. e3 0-0 5. Nge2 d5 6. a3 Bxc3+ 7. Nxc3 Nbd7 8. Qc2 b6 9. cxd5 exd5 10. Be2 Bb7 11. 0-0 Rc8 12. Bf3 Re8 13. Qf5 Nf8 14. Bd2 Ne6 15. Rfd1 g6 16. Qd3 Ng5 17. Be2 c5 18. dxc5 bxc5 19. Be1 Qe7 20. h4 Nge4 21. Bf3 Nxc3 22. Bxc3 Ne4 23. Bxe4 Qxe4 24. Qxe4 Rxe4 25. g3 Rd8 26. Rac1 f5 27. Bf6 Rc8 28. Rc3 h6 29. Rdc1 Rf8 30. Rb3 Ba6 31. Bc3 d4 32. exd4 cxd4 33. Bd2 h5 34. Rc6 Bc8 35. Rxg6+ Kf7 36. Rc6 Re2 37. Rc7+ Ke6 38. Bg5 Re1+ 39. Kg2 Rf7 40. Rxc8 Rd1 41. Rb5 Rd7 42. Rc6+ Kf7 43. Rxf5+ Kg7 44. Bh6+ Kg8 45. Bf4 d3 46. Rg5+ Kf7 47. Rxh5 Kg8 48. Rc8+ Kg7 49. Rg5+ Kf6 50. Rf8+ Ke7 51. Rg7+ 1-0

[Event "Olympiad-43"]
[Site "Batumi"]
[Date "2018.09.28"]
[Round "5.76"]
[White "Savva, Panikos"]
[Black "Mlawa, Hemed"]
[Result "1-0"]
[WhiteElo "2062"]
[BlackElo "1828"]
[PlyCount "93"]
[EventDate "2018.09.24"]
[EventType "team-swiss"]
[EventRounds "11"]
[EventCountry "GEO"]
[SourceTitle "CBM 187"]
[Source "ChessBase"]
[SourceDate "2018.12.11"]
[SourceVersion "1"]
[SourceVersionDate "2018.12.11"]
[SourceQuality "1"]
[WhiteTeam "Cyprus"]
[BlackTeam "Tanzania"]
[WhiteTeamCountry "CYP"]
[BlackTeamCountry "TAN"]

1. d4 d5 2. c4 e6 3. Nc3 Nf6 4. Bg5 Be7 5. e3 0-0 6. Nf3 h6 7. Bh4 b6 8. Rc1 Bb7 9. Bxf6 Bxf6 10. cxd5 exd5 11. b4 Qe7 12. Qb3 c5 13. bxc5 bxc5 14. Nxd5 Bxd5 15. Qxd5 cxd4 16. Qxa8 Qb4+ 17. Nd2 dxe3 18. fxe3 Rd8 19. Rd1 Bc3 20. Be2 Bxd2+ 21. Kf2 Bxe3+ 22. Kxe3 Qc5+ 23. Kf3 Re8 24. Rd3 Qf5+ 25. Kg3 Qe5+ 26. Kh3 Qe6+ 27. Bg4 f5 28. Qd5 fxg4+ 29. Kg3 Qxd5 30. Rxd5 Nc6 31. Rc1 Re6 32. Kxg4 Rg6+ 33. Kh3 Re6 34. g3 Kh7 35. a3 a5 36. Rc4 g5 37. Kg2 Kg6 38. Rdc5 Ne5 39. Re4 Kf5 40. Re3 a4 41. Ra5 g4 42. Rxa4 Rb6 43. Rf4+ Ke6 44. Rfe4 Rb2+ 45. Re2 Rxe2+ 46. Rxe2 Kd5 47. Rxe5+ 1-0

[Event "Olympiad-43"]
[Site "Batumi"]
[Date "2018.09.24"]
[Round "1.32"]
[White "Almeida Quintana, Omar"]
[Black "Savva, Panikos"]
[Result "1-0"]
[WhiteElo "2540"]
[BlackElo "2062"]
[PlyCount "57"]
[EventDate "2018.09.24"]
[EventType "team-swiss"]
[EventRounds "11"]
[EventCountry "GEO"]
[SourceTitle "CBM 187"]
[Source "ChessBase"]
[SourceDate "2018.12.11"]
[SourceVersion "1"]
[SourceVersionDate "2018.12.11"]
[SourceQuality "1"]
[WhiteTeam "Cuba"]
[BlackTeam "Cyprus"]
[WhiteTeamCountry "CUB"]
[BlackTeamCountry "CYP"]

1. d4 Nf6 2. c4 g6 3. Nc3 d5 4. Bg5 Ne4 5. Bh4 Nxc3 6. bxc3 Bg7 7. e3 c6 8. Nf3 0-0 9. Qb3 dxc4 10. Bxc4 Qc7 11. Bg3 Qd8 12. h4 h5 13. Ne5 e6 14. a4 Qe7 15. Bd3 Nd7 16. Nc4 e5 17. 0-0 Kh7 18. Qa3 Qxa3 19. Rxa3 f6 20. Rb1 Rd8 21. Be2 Bf8 22. Ra2 Re8 23. a5 Kg7 24. Bf3 e4 25. Bd1 Nb8 26. Rab2 Na6 27. Be2 Rd8 28. Nd2 Re8 29. Rxb7+ 1-0

[Event "CYP-ch"]
[Site "Larnaca"]
[Date "2018.05.12"]
[Round "5"]
[White "Melas, Renos"]
[Black "Savva, Panikos"]
[Result "1/2-1/2"]
[WhiteElo "2117"]
[BlackElo "2036"]
[PlyCount "107"]
[EventDate "2018.04.28"]
[EventType "tourn"]
[EventRounds "11"]
[EventCountry "CYP"]
[SourceTitle "EXT 2021"]
[Source "ChessBase"]
[SourceDate "2020.10.23"]
[SourceVersion "1"]
[SourceVersionDate "2020.10.23"]
[SourceQuality "1"]

1. d4 Nf6 2. c4 g6 3. Nc3 d5 4. cxd5 Nxd5 5. e4 Nxc3 6. bxc3 Bg7 7. Bc4 c5 8. Ne2 0-0 9. 0-0 Nc6 10. Be3 cxd4 11. cxd4 Bd7 12. Rc1 a6 13. Qd2 Qa5 14. Qxa5 Nxa5 15. Bd3 Rfc8 16. Rxc8+ Rxc8 17. Rc1 Rxc1+ 18. Bxc1 e6 19. Kf1 Nc6 20. Be3 Nb4 21. Bb1 Bb5 22. Ke1 Bc4 23. a3 Nc6 24. Kd2 Bxe2 25. Kxe2 Bxd4 26. Bc1 Kf8 27. f4 b5 28. Bd3 Bc5 29. Kd2 Ke7 30. a4 Na7 31. axb5 Nxb5 32. Bb2 Kd6 33. Kc2 Kc6 34. Kb3 Be3 35. f5 Bd2 36. fxe6 fxe6 37. Bc4 Nd6 38. Bd3 a5 39. Ba3 Nb5 40. Bb2 Kc5 41. Bf6 Na7 42. Ba6 Kd6 43. Ka4 e5 44. Bc4 Nc8 45. Bg8 h6 46. Bf7 g5 47. g4 Nb6+ 48. Kb5 Nd7 49. Bg7 Ke7 50. Bb3 Bc3 51. Bxh6 Bd2 52. Bg7 Nf6 53. Bxf6+ Kxf6 54. Kc6 1/2-1/2

[Event "Nicosia Summer op"]
[Site "Nikosia"]
[Date "2015.06.21"]
[Round "6"]
[White "Christofides, Nakis"]
[Black "Savva, Panikos"]
[Result "0-1"]
[WhiteElo "1770"]
[BlackElo "2044"]
[PlyCount "132"]
[EventDate "2015.06.03"]
[EventType "swiss"]
[EventRounds "7"]
[EventCountry "CYP"]
[SourceTitle "EXT 2019"]
[Source "ChessBase"]
[SourceDate "2018.10.10"]
[SourceVersion "1"]
[SourceVersionDate "2018.10.10"]
[SourceQuality "1"]

1. e4 c5 2. Nf3 d6 3. d4 cxd4 4. Nxd4 Nf6 5. Nc3 a6 6. a4 e6 7. Bg5 Be7 8. Qd2 0-0 9. Be2 Qc7 10. 0-0 b6 11. f4 h6 12. e5 dxe5 13. fxe5 hxg5 14. exf6 Bxf6 15. Ne4 Bxd4+ 16. Qxd4 f6 17. Rad1 Nc6 18. Qc3 b5 19. axb5 axb5 20. Bxb5 Qb6+ 21. Qc5 Qxc5+ 22. Nxc5 Ne5 23. Nd3 Ng4 24. Rde1 e5 25. Bc4+ Kh7 26. h3 Nh6 27. Nxe5 Ba6 28. Bxa6 Rxa6 29. g4 Rc8 30. Nd3 Rb6 31. c3 Rd8 32. Nb4 Nf7 33. Rd1 Re8 34. Rfe1 Ne5 35. Kf2 Rc8 36. Re3 Rc4 37. b3 Rf4+ 38. Kg3 Ng6 39. Rdd3 Rf1 40. Kg2 Rb1 41. Nd5 R6xb3 42. Rd2 Nh4+ 43. Kf2 Ng6 44. c4 Ne5 45. Rc2 R1b2 46. Ree2 Rxc2 47. Rxc2 Rxh3 48. Kg2 Rd3 49. Ne7 Nxg4 50. Rc1 g6 51. c5 Ne3+ 52. Kf2 Nd5 53. Nc6 g4 54. Ke2 Re3+ 55. Kd2 Ra3 56. Nd4 g3 57. c6 Nc7 58. Ne2 f5 59. Rg1 Ra6 60. Rc1 g2 61. Ng3 g5 62. Ke3 Ra3+ 63. Kd4 Kg6 64. Rc2 Rxg3 65. Ke5 Rd3 66. Rxg2 Rd5# 0-1

[Event "Nicosia Summer op"]
[Site "Nikosia"]
[Date "2015.06.19"]
[Round "5"]
[White "Kourouyiannis, Fivos"]
[Black "Savva, Panikos"]
[Result "0-1"]
[WhiteElo "1788"]
[BlackElo "2044"]
[PlyCount "72"]
[EventDate "2015.06.03"]
[EventType "swiss"]
[EventRounds "7"]
[EventCountry "CYP"]
[SourceTitle "EXT 2019"]
[Source "ChessBase"]
[SourceDate "2018.10.10"]
[SourceVersion "1"]
[SourceVersionDate "2018.10.10"]
[SourceQuality "1"]

1. e4 c5 2. Nc3 Nc6 3. f4 g6 4. Nf3 Bg7 5. Rb1 a6 6. b3 d6 7. g3 e6 8. Bg2 Nge7 9. 0-0 0-0 10. Bb2 Rb8 11. Ne2 Bxb2 12. Rxb2 b5 13. g4 f5 14. exf5 gxf5 15. g5 Ng6 16. h4 e5 17. h5 Nxf4 18. Nxf4 exf4 19. Qe1 Qe7 20. Qh4 Qg7 21. c3 Ne5 22. Nxe5 dxe5 23. Bd5+ Kh8 24. g6 Bb7 25. Bxb7 Rxb7 26. Kf2 Qf6 27. Qh2 Rg7 28. Rg1 Rd8 29. d4 cxd4 30. cxd4 Rxd4 31. Rc2 Qb6 32. Kg2 Qb7+ 33. Kh3 Rd3+ 34. Kh4 Qe7+ 35. Rg5 h6 36. Rcg2 Rg3 0-1

[Event "Nicosia Summer op"]
[Site "Nikosia"]
[Date "2015.06.10"]
[Round "2"]
[White "Savva, Panikos"]
[Black "Georgiou, Andreas"]
[Result "1-0"]
[WhiteElo "2044"]
[BlackElo "1777"]
[PlyCount "83"]
[EventDate "2015.06.03"]
[EventType "swiss"]
[EventRounds "7"]
[EventCountry "CYP"]
[SourceTitle "EXT 2019"]
[Source "ChessBase"]
[SourceDate "2018.10.10"]
[SourceVersion "1"]
[SourceVersionDate "2018.10.10"]
[SourceQuality "1"]

1. Nf3 Nf6 2. c4 e6 3. Nc3 Bb4 4. Qc2 0-0 5. a3 Bxc3 6. Qxc3 d6 7. g3 b6 8. Bg2 Bb7 9. 0-0 Nbd7 10. b4 Ne4 11. Qc2 f5 12. Nd4 Qf6 13. Bb2 e5 14. Nb5 c6 15. Bxe4 fxe4 16. Qxe4 d5 17. Qg4 Bc8 18. Nc7 Rb8 19. Qe6+ Qxe6 20. Nxe6 Rf6 21. cxd5 cxd5 22. Nc7 Bb7 23. f4 Rc6 24. Rac1 Rxc1 25. Rxc1 exf4 26. gxf4 Rf8 27. Ne6 Re8 28. f5 Nf8 29. Rc7 Nxe6 30. Rxb7 Nf4 31. e3 Nd3 32. Rxg7+ Kf8 33. Bc3 Nc1 34. Rxh7 Ne2+ 35. Kf2 Nxc3 36. Rh8+ Kf7 37. Rxe8 Nd1+ 38. Ke2 Kxe8 39. Kxd1 Ke7 40. d3 Kf6 41. e4 Ke5 42. Ke2 1-0

[Event "CYP-chA"]
[Site "Nicosia"]
[Date "2015.02.22"]
[Round "6"]
[White "Hadjikyriakou, Arsenios"]
[Black "Savva, Panikos"]
[Result "1/2-1/2"]
[WhiteElo "1738"]
[BlackElo "2043"]
[PlyCount "85"]
[EventDate "2015.02.07"]
[EventType "tourn"]
[EventRounds "9"]
[EventCountry "CYP"]
[SourceTitle "CBM 165 Extra"]
[Source "ChessBase"]
[SourceDate "2015.04.21"]
[SourceVersion "1"]
[SourceVersionDate "2015.04.21"]
[SourceQuality "1"]

1. d4 Nf6 2. Nf3 e6 3. Bf4 c5 4. e3 Qb6 5. Qc1 Nc6 6. c3 Be7 7. h3 0-0 8. Nbd2 d5 9. Bd3 Bd7 10. 0-0 Rfc8 11. Qb1 cxd4 12. exd4 Na5 13. a4 h6 14. Ne5 Be8 15. Re1 Nc6 16. Ndf3 Nd7 17. Nxd7 Bxd7 18. Ne5 Nxe5 19. Bxe5 Bd6 20. f4 Re8 21. Bxd6 Qxd6 22. Qc1 a6 23. Qe3 b5 24. axb5 Bxb5 25. g3 Bxd3 26. Qxd3 Reb8 27. b4 Rc8 28. Ra5 Qc6 29. Rc1 Rcb8 30. Rca1 Rb5 31. Rxb5 axb5 32. Rxa8+ Qxa8 33. Qxb5 Qa1+ 34. Kf2 Qb2+ 35. Kf1 Qxc3 36. Qc5 Qf3+ 37. Ke1 Qxg3+ 38. Ke2 Qh2+ 39. Kd1 Qg1+ 40. Kc2 Qg2+ 41. Kb1 Qf1+ 42. Kb2 Qe2+ 43. Kb1 1/2-1/2

[Event "CYP-chB op"]
[Site "Nicosia"]
[Date "2015.01.31"]
[Round "8"]
[White "Savva, Panikos"]
[Black "Georgiades, Michalis"]
[Result "1-0"]
[WhiteElo "2043"]
[BlackElo "1760"]
[PlyCount "157"]
[EventDate "2015.01.09"]
[EventType "swiss"]
[EventRounds "9"]
[EventCountry "CYP"]
[SourceTitle "EXT 2016"]
[Source "ChessBase"]
[SourceDate "2015.10.08"]
[SourceVersion "1"]
[SourceVersionDate "2015.10.08"]
[SourceQuality "1"]

1. d4 d5 2. c4 c6 3. Nc3 Nf6 4. Nf3 e6 5. Bg5 Be7 6. e3 0-0 7. Rc1 Nbd7 8. Bd3 h6 9. Bh4 b6 10. 0-0 Bb7 11. Qe2 c5 12. cxd5 Nxd5 13. Bg3 Nb4 14. Bc4 Rc8 15. a3 Bxf3 16. gxf3 cxd4 17. Ne4 Nd5 18. exd4 N7f6 19. Rcd1 Nh5 20. Ba6 Nxg3 21. hxg3 Rc7 22. Rd3 h5 23. Kg2 h4 24. Rh1 hxg3 25. fxg3 Qd7 26. Rdd1 Qa4 27. Rd2 Bf6 28. Nxf6+ Nxf6 29. Bd3 Rd8 30. Qe5 Rcc8 31. g4 Rd5 32. Qh2 Kf8 33. Qh8+ Ng8 34. Bh7 Ke7 35. Bxg8 Qe8 36. Qxg7 Qxg8 37. Qxg8 Rxg8 38. Kf2 Rgd8 39. Ke3 e5 40. Rhd1 exd4+ 41. Rxd4 Rxd4 42. Rxd4 Rc8 43. Ra4 Rc7 44. f4 Ke6 45. Kd3 Kf6 46. Rd4 Ke6 47. Rc4 Rd7+ 48. Ke3 Rb7 49. Rc6+ Kd5 50. Rc8 Re7+ 51. Kd3 Rd7 52. Re8 Kc5+ 53. Kc3 Kb5 54. b3 Ka6 55. g5 Kb5 56. Re5+ Kc6 57. f5 Kd6 58. Kd4 Rc7 59. g6 fxg6 60. Re6+ Kd7 61. Rxg6 Ke8 62. f6 Rc5 63. Rg8+ Kf7 64. Rg7+ Kxf6 65. Rxa7 Ke6 66. Rb7 Rc6 67. Rh7 Kd6 68. a4 Rc1 69. Rh3 Kc6 70. Rc3+ Rxc3 71. Kxc3 Kc5 72. b4+ Kd6 73. Kd4 Ke6 74. Kc4 Kd6 75. Kb5 Kc7 76. Ka6 Kc6 77. b5+ Kc7 78. Ka7 Kc8 79. Kxb6 1-0

[Event "CYP-ch"]
[Site "Nikosia/Larnaca/Limassol"]
[Date "2013.10.19"]
[Round "9"]
[White "Savva, Panikos"]
[Black "Evangelides, Kypros"]
[Result "1-0"]
[WhiteElo "2033"]
[BlackElo "1771"]
[PlyCount "91"]
[EventDate "2013.09.07"]
[EventType "tourn"]
[EventRounds "9"]
[EventCountry "CYP"]
[SourceTitle "EXT 2014"]
[Source "ChessBase"]
[SourceDate "2013.11.20"]
[SourceVersion "1"]
[SourceVersionDate "2013.11.20"]
[SourceQuality "1"]

1. d4 e6 2. c4 c6 3. Nf3 d5 4. Qc2 h6 5. Bf4 Nf6 6. e3 Nh5 7. Be5 Nd7 8. Nc3 Nxe5 9. Nxe5 Bd6 10. Be2 Nf6 11. f4 Bb4 12. 0-0 Bxc3 13. bxc3 Ne4 14. Bf3 Nd6 15. c5 Nf5 16. Qd3 h5 17. Bd1 Qc7 18. a4 b6 19. e4 Ne7 20. exd5 Nxd5 21. c4 Nb4 22. Qg3 Kf8 23. f5 Qd8 24. fxe6 Qxd4+ 25. Kh1 Bxe6 26. Nxf7 Bxf7 27. Qc7 Qxc4 28. Rf4 Qe6 29. Bb3 Qxb3 30. Raf1 Kg8 31. Rxf7 Qc3 32. R7f3 Qxc5 33. Qf7+ Kh7 34. Rf5 Rhf8 35. Rxh5+ Qxh5 36. Qxh5+ Kg8 37. Rxf8+ Rxf8 38. h3 c5 39. Qg4 a5 40. Qe6+ Kh8 41. Qxb6 Nd3 42. Qxa5 Rf1+ 43. Kh2 Nf2 44. Qd8+ Kh7 45. Qh4+ Kg8 46. Qc4+ 1-0

[Event "CYP-ch"]
[Site "Nikosia/Larnaca/Limassol"]
[Date "2013.09.21"]
[Round "5"]
[White "Savva, Panikos"]
[Black "Boulos, Vrachimis"]
[Result "1-0"]
[WhiteElo "2033"]
[BlackElo "2084"]
[PlyCount "47"]
[EventDate "2013.09.07"]
[EventType "tourn"]
[EventRounds "9"]
[EventCountry "CYP"]
[SourceTitle "EXT 2014"]
[Source "ChessBase"]
[SourceDate "2013.11.20"]
[SourceVersion "1"]
[SourceVersionDate "2013.11.20"]
[SourceQuality "1"]

1. d4 d5 2. c4 e6 3. Nc3 c6 4. Nf3 dxc4 5. a4 Bb4 6. e3 b5 7. Ne5 Nf6 8. Bd2 Bxc3 9. Bxc3 a5 10. axb5 cxb5 11. Qf3 Ra7 12. b3 Qb6 13. bxc4 b4 14. c5 Qc7 15. Bb5+ Nbd7 16. Bb2 0-0 17. Nc4 Bb7 18. c6 Ba8 19. Qg3 Qxg3 20. hxg3 Nb8 21. Nxa5 Rc8 22. 0-0 Nxc6 23. Nxc6 Bxc6 24. Bxc6 1-0

[Event "CYP-ch"]
[Site "Cyprus"]
[Date "2012.01.14"]
[Round "3"]
[White "Kelires, Andreas"]
[Black "Savva, Panikos"]
[Result "1-0"]
[WhiteElo "1902"]
[BlackElo "2067"]
[PlyCount "55"]
[EventDate "2012.01.07"]
[EventType "swiss"]
[EventRounds "12"]
[EventCountry "CYP"]
[SourceTitle "EXT 2014"]
[Source "ChessBase"]
[SourceDate "2013.11.20"]
[SourceVersion "1"]
[SourceVersionDate "2013.11.20"]
[SourceQuality "1"]

1. d4 Nf6 2. c4 e6 3. Nc3 Bb4 4. a3 Bxc3+ 5. bxc3 d6 6. f3 c6 7. e4 Nbd7 8. Bd3 0-0 9. Ne2 e5 10. 0-0 c5 11. d5 Re8 12. Qe1 Nf8 13. g4 h6 14. h4 N6h7 15. Qg3 g5 16. hxg5 hxg5 17. Rf2 Ng6 18. Qh3 Qf6 19. Rh2 Nh4 20. Kf2 Kg7 21. Bxg5 Nxg5 22. Qxh4 Qxf3+ 23. Ke1 Qf6 24. Kd1 Bd7 25. Ng3 Ba4+ 26. Kc1 Qg6 27. Nf5+ Kf8 28. Qh8+ 1-0